000 00295nam a2200097Ia 4500
082 _a967.62043092 WRON
245 0 _aIt's our turn to eat : the story of a Kenyan whistleblower
100 _a WRONG, Michela London, 2009
_976372
942 _cBK
008 210817s9999 xx 000 0 und d
999 _c253897
_d253896